| 000 | 01172cam a22003497a 4500 | ||
|---|---|---|---|
| 003 | CHAP | ||
| 005 | 20220329133439.0 | ||
| 008 | 971013s1989 r 00010 d | ||
| 010 | _a6494 | ||
| 011 | _a7466 | ||
| 035 | _a6689 | ||
| 040 | _cCHAP | ||
| 090 | _aTesis | ||
| 100 | 0 | 0 |
_aTreviño Galván, Jaime. _9114855 |
| 245 | 0 | _aEvaluación de un sistema de riego de microaspersión en plátano | |
| 260 |
_aChapingo, Méx. : _bEl autor, _c1989 |
||
| 300 |
_a60 h. _b: ilus. |
||
| 502 | _aTesis (Ing. Agr. Esp. en Irrigación) -- UACH. Departamento de Irrigación | ||
| 590 |
_aALEPH _b10 _c20130110 _lUCH01 _h1219 |
||
| 590 |
_aBATCH-UPD _b10 _c20130110 _lUCH01 _h0113 |
||
| 590 |
_aBATCH-UPD _b10 _c20130110 _lUCH01 _h2029 |
||
| 590 |
_aBATCH-UPD _b10 _c20130409 _lUCH01 _h2105 |
||
| 590 |
_aBATCH-UPD _b10 _c20130410 _lUCH01 _h1346 |
||
| 590 |
_aBATCH-UPD _b10 _c20130914 _lUCH01 _h1922 |
||
| 590 |
_aCONVERSION _b10 _c20130109 _lUCH01 _h1305 |
||
| 650 | 1 | 4 |
_aPlátano _xIrrigación. _989246 |
| 650 | 1 | 4 |
_aRiego por aspersión. _997375 |
| 901 | _aBK | ||
| 942 | _cFOLL | ||
| 949 |
_bBC _cTES _d-16297 _eTS1 _h21208 _i6689 _si |
||
| 949 |
_bBC _cTES _d-81478 _eTS2 _fc.2 _h21209 _i6689 _si |
||
| 999 |
_c6494 _d6494 |
||